000 00849cam a2200217 4500
001 ##L134998
008 060918n2006 000 0 eng u
020 _a0110750292
035 _a(Sirsi) u134998
041 0 _aeng
245 0 4 _aThe Environmental Noise (England) Regulations 2006
260 _aLondon
_bTSO
_c2006
490 0 _aSI
_v2006: 2238
520 _aRegulations which apply to environmental noise to which people are exposed, for example in built-up areas, parks or other quiet areas in an agglomeration. Come into force on 1 October 2006.
590 _aIKA190906
650 2 4 _aENVIRONMENTAL NOISE (ENGLAND) REGULATIONS 2006
651 4 _aEngland
_y886-
690 _aPlanning and development
_96259
856 4 0 _uhttps://www.opsi.gov.uk/si/si2006/20062238.htm
_zView the Order free of charge at www.opsi.gov.uk...
942 _n0
999 _c105885
_d105885